000 00570nam a22002057a 4500
999 _c68905
_d68902
003 PK-NaQUE
005 20250701144151.0
008 250701b ||||| |||| 00| 0 eng d
020 _a9789535121923
040 _cQUEST
082 _a660.28422SOL
100 _aSolecki Marek
245 _aMass Transfer Advancement in Process Modelling
260 _aCroatia
_bIntech Publisher
_c2017
300 _a279p.
650 _aMass Transfer
650 _aProcess Modelling
856 _uhttp://10.10.170.122:8080/browse/book/27705
_yDownload eBook
942 _cBK
_2ddc